00634nam a2200181 a 4500003000900000005001700009008004100026040001300067245004100080250001200121260003900133300001100172500020800183650001700391650001500408650001400423655001500437AR-BaBNM20251128203624.0082120s2002 ||||||||||||||000 | spa|| cAR-BaBNM00aDiccionario de literatura española a2ª ed. aMadridbRevista de Occidentec1953 a926 p. aEn la página 767 contiene un índice de títulos de obras literarias que remite al cuerpo principal de la obra y un índice cronológico de la historia política, literaria, artística y cultural 4aDICCIONARIOS 4aLITERATURA 4aESPAÑOL aREFERENCIA